Top 10 fastest rollercoasters in the world - Statistics

General Stats
  • This quiz has been taken 52 times
  • The average score is 7 of 10
Answer Stats
Picture Answer % Correct
Red Force
89%
Formula Rossa
86%
Fury 325
80%
Leviathan
77%
Superman: Escape from Krypton
75%
Steel Dragon 2000
73%
Hyperion
66%
Orion
64%
Millenium Force
59%
Pantherian
50%
No matching quizzes found
Score Distribution
Percent of People with Each Score
Percentile by Number Answered
Your Score History
You have not taken this quiz